000 00821nam a22002417a 4500
003 OSt
005 20210818181613.0
008 170403m20132012ck d|||fr|||| 001 0 spa d
020 _a9789586488075
040 _bspa
041 _aspa
082 0 4 _a514.20
_bM578c
100 1 _aMesa, Fernando
_947946
245 _aConexidad y arco-conexidad en espacios topológicos
_cFernando Mesa, Julián Guzmán Baena, Germán Correa Vélez
260 _aBogotá
_bEcoe Ediciones
_c2013
300 _a153 páginas,
_bgráficas
490 _aCiencias Exactas. Matemáticas
504 _aIncluye referencias bibliográficas
650 0 _936872
_aEspacios Topológicos
700 _aGuzmán Baena, Julián
_950052
700 _aCorrea Vélez, Germán
_950053
942 _2ddc
_h514.20 M578c
_k514.20
_mM578c
999 _c11457
_d11457